=LDR 00000nam 2200000 4500 =001 INLIS000000000006392 =005 20251107013512 =035 ##$$a 0010-1125000266 =007 ta =008 251107###########################0#ind## =082 ##$$a 615.594 =084 ##$$a 615.594 MUN a =100 #$$a Mundi Mahaswiati =245 1#$$a Analisa Pengujian Kualitas Kondom dan Kb /$c Badan Koordinasi Keluarga Berencana Nasional =260 ##$$a Jakarta :$b Badan Koordinasi Keluarga Berencana Nasional,$c 1996 =300 ##$$a 15 Hal : $b Ilus ; $c 21 =650 #4$$a Keluarga Berencana =856 ##$$a Perpustakaan Kemendukbangga